000 00445nam a2200181Ia 4500
005 20240823005754.0
008 240823s9999||||xx |||||||||||||| ||und||
082 _A658.87 M5
100 _a"Ostrow,Rona"
245 4 _aThe Dictionary of Retailing
250 _a1st
260 _c1985
_b"Fairchild,New York"
500 _aYES
650 _aManagement
_bManagement Studies
700 _a" Smith,Sweetman R"
942 _cBK
999 _c156677
_d156677